Quizzes
Events
Quiz Creation
Community
Videos
Private Events
Remove Ads
Sign In
Join for FREE
Feedback
Dark Mode
Quiz Categories
Sports
Geography
Music
Movies
Television
Just For Fun
Miscellaneous
History
Literature
Language
Science
Gaming
Entertainment
Religion
Holiday
For Kids
Quiz Lab
Recent
Popular Today
Quiz Kudos Today
Editor Picks
Curator Picks
Quizzes by...
Day
Popularity
Type
Ratings
Length
Year
Community
Subscriptions
Recent Discussions
Orange Saloon
Badges
Playlists
Quests
Create
Leaderboards
Showdown
Live 5
Trivia Bingo
Activity
Puzzle Library
Sporcle Events
Private Events
Virtual Trivia
Globe League
Become a Host
Pub Owners
SporcleCon
Opinionation
Our Games
Videos
Blog
Mobile Apps
Partnerships
Remove Ads and Go Orange
Feedback
Entertainment
Celebrity
Famous
Musical
Broadway
Show
Quote
Comic Books
Anime
Superhero
DC Comics
Marvel
Cartoons
Animation
Entertainment
Celebrity
Famous
Musical
Broadway
Show
Quote
Comic Books
Anime
Superhero
DC Comics
Marvel
Cartoons
Animation
Random Quiz
Search Sporcle
×
Quiz Lab
Quiz Lab
Entertainment
100
Type in answers that appear in a list
Type in answers that appear in a list
Classic
Best Score? Go Orange.
Top 100 mob players of 2017 Stats
Can you name the top 100 mob players of 2017?
By
decawley
13m
100 Questions
71 Plays
71 Plays
71 Plays
Comments
Comments
Give Quiz Kudos
Give Quiz Kudos
-
- Ratings
hide this ad
Replay
Link that replays current quiz
Next Quiz
Link to next quiz in quiz playlist
You Got
0%
They Got
Avg Score
38%
Avg Friend Score
Upgrade to see
Score Distribution
Jump to the score distribution portion of the page
Score
0/100
Timer
13:00
0
Plays Today
Hint
Answer
% Correct
Angels
Mike Trout
98.6%
Yankees
Aaron Judge
91.5%
Dodgers
Clayton Kershaw
87.3%
Astros
Jose Altuve
87.3%
Red Sox
Mookie Betts
85.9%
Nationals
Byrce Harper
84.5%
Cubs
Kris Bryant
80.3%
Rockies
Nolan Arenado
77.5%
Diamondback
Paul Goldschmidt
74.6%
Orioels
Manny Machado
70.4%
Tigers
Miguel Cabrera
70.4%
Reds
Joey Votto
69%
Braves
Freddie Freeman
69%
Red Sox
Chris Sale
67.6%
blue Jays
Josh Donaldson
67.6%
Nationals
Max Scherzer
66.2%
Cubs
Anthony Rizzo
66.2%
Astros
Carlos Correa
64.8%
Marlins
Giancarlo Stanton
64.8%
Nationals
Trea Turner
63.4%
Dodgers
Justin Turner
63.4%
Indians
Francisco Lindor
62%
Dodgers
Corey Seager
56.3%
Mariners
Robinson Cano
56.3%
Giants
Buster Posey
56.3%
Rockies
Charlie Blackmon
52.1%
Pirates
Andrew McCutchen
50.7%
Indians
Corey Kluber
50.7%
Indians
Corey Kluber
50.7%
Tigers/
Diamondbacks
Jd Martinez
49.3%
Cardinals
Carlos Martinez
47.9%
Nationals
Anthony Rendon
45.1%
Cubs
Jon Lester
45.1%
Marlins
Christian Yelich
45.1%
Hint
Answer
% Correct
Giants
Madison Bumgarner
43.7%
Nationals
Ryan Zimmerman
42.3%
Astros
George Springer
42.3%
Tigers
Justin Verlander
42.3%
Giants
Brandon Belt
40.8%
Nationals
Stephen Strasburg
40.8%
Athletics
Khris Davis
39.4%
Yankees
Gary Sanchez
39.4%
Blue Jays
Jose Bautista
39.4%
Red Sox
David Price
38%
Brewers
Ryan Braun
38%
Cubs
Aroldis Chapman
38%
Orioles
Chris Davis
38%
Cubs
Wade Davis
38%
Cubs
Jake Arrieta
36.6%
Twins
Brian Dozier
36.6%
Red Sox
Hanley Ramirez
36.6%
Indians
Jose Ramirez
36.6%
Rockies
Trevor Story
36.6%
Twins
Miguel Sano
35.2%
Nationals
Daniel Murphy
33.8%
Rangers
Adrain Beltre
33.8%
Mets
Jacob Degrom
33.8%
Rays
Evan Longoria
33.8%
Indians
Edwin Encarnacion
31%
Diamondbacks
Zach Greinke
31%
Orioles
Adam Jones
29.6%
Red Sox
Xander Bogaerts
29.6%
Royals
Eric Hosmer
29.6%
Marlins
Marcell Ozuna
29.6%
Twins
Ervin Santana
28.2%
Mets
Yoenis Cespedes
28.2%
Red Sox
Craig Kimbrel
28.2%
Rays
Chris Archer
26.8%
Hint
Answer
% Correct
Rangers/
Dodgers
Yu Darvish
26.8%
Red Sox
Dustin Pedroia
26.8%
Indians
Andrew Miller
23.9%
Cardinals
Yadier Molina
22.5%
Giants
Brandon Crawford
21.1%
Royals
Salvador Perez
21.1%
White Sox/
Cubs
Jose Quintana
18.3%
Phillies
Cesar Hernandez
18.3%
Tigers
Ian Kinsler
15.5%
Rangers/
Rockies
Jonathan Lucroy
15.5%
Dodgers
Kenley Jansen
15.5%
Giants
Johny Cueto
14.1%
Royals
Mike Moustakas
14.1%
Diamondback
Aj Pollock
12.7%
Rangers
Cole Hamels
11.3%
Phillies/
Nationals
Howie Kendrick
9.9%
Rockies
Dj Lemahieu
9.9%
Orioles
Zach Britton
9.9%
Cubs
Ben Zobrist
9.9%
Cubs
Kyle Hendricks
9.9%
Phillies/
Rockies
Pat Neshek
8.5%
Cardinals
Dexter Fowler
8.5%
Twins
Jose Berrios
7%
Cardinals/
Braves
Matt Adams
7%
Indians
Cody Allen
7%
Phillies/
Orioles
Jeremy Hellickson
5.6%
Red Sox
Jackie Bradley Jr
4.2%
Rockies
Mark Reynolds
4.2%
Mets
Noah Syndergaad
1.4%
Phillies
Aaron Altherr
1.4%
Yankees
Dellin Bentances
0%
Pirates
Ivan Nova
0%
Quiz Playlist
Details
Report
Send in Message
Add To Playlist
Classic:
Type in answers that appear in a list
Last Updated: Aug 1, 2017
Quiz Scoreboard
CHALLENGE
Sign Up to Join the Scoreboard
Show All
Scores
Hide
Comments
May contain spoilers
Recently Published
Presidents Visiting Landmarks
by Hejman
History
7m
An Introduction to Baseball
by treessimontrees
Sports
5m
Movies - When Are They Set?
by FPL_Elf
Movies
5m
More to Explore
Quiz From the Vault
Featured Blog Post
Where Did the Easter Bunny Come From?
hide this ad
You Might Also Like...
Tags
100
2017
mob
Player
Today's Top Quizzes in Entertainment
Browse Entertainment
hide this ad
Today's Top Quizzes in 100
Browse 100
Top Contributed Quizzes in Entertainment
1
7-to-1: DC Comics Villains
2
Kamen Rider Motifs
3
Dragon Ball Z: Goku's Fights in Order
4
Marvel Characters Bunker
5
Eurovision 2023 Logic Puzzle
6
Dragon Ball Z: Mega Character Search
7
Criteria Quickie: Cartoon Taxonomy II
8
Fictional Villains Letter U Blitz
9
Sorting Pictures: Villains
10
Who Wants to Be a Millionaire: Anime Edition
Explore More
Trending Topics
Harry Potter
Kpop
Anime
NBA
Disney
Marvel
Crossword
NFL
Song
The Office
WWE
Puzzle
Pokémon
Soccer
Country
hide this ad
More By:
decawley
Quiz
Plays
Rating
Category
Featured
Created
top 100 mob players of 2017
71
Entertainment
Aug 1, 2017
Go to Creator's Profile
Score Distribution
Quiz Creator Spotlight
decawley
Follow
Send a Message
Quizzes Created
-
Created Quiz Play Count
-
More By This Creator
Popular Quizzes Today
1
Find the Countries of Europe - No Outlines Minefield
2
Find the US States - No Outlines Minefield
3
The Countries of the World
4
Popular People in 1961
5
Find the US States
6
US States
7
1-10 Letter E Words III
8
Risky Map Clicking: Biggest States A-Z
More Entertainment Quizzes
Live Like A Hamilton Character!
Published
Trending Quizzes
Risky Map Clicking: Least Populous States A-Z
1-10 Letter F Words
1-10 Letter G Words
One Thing in Common: United Kingdom
Risky Map Clicking: Next State Alphabetically
Recently Updated
Leaping Animals
pecheneg
Reality TV Shows (A-Z)
bhenderson79
Rickey Henderson's Hall of Fame Teammates
pecheneg
Champions League XIs: Arsenal
pecheneg
Quick Pick: Celebrities in WWE's Hall of Fame
aduchscher
A-Z Keypad Blitz II
pecheneg
Multiple Oscar Actors
pecheneg
Mystery Phrase Blitz: Oscar 'Best Actors'
pecheneg
F. Scott Fitzgerald Novels
LTH
Pick 3 Villains
ddd62291
Trending Topics
Anime
Kpop
Disney
NBA
Marvel
Harry Potter
Crossword
Country
NFL
The Office
Soccer
Pokémon
WWE
Puzzle
Song
Your Account Isn't Verified!
In order to create a playlist on Sporcle, you need to verify the email address you used during registration. Go to your
Sporcle Settings
to finish the process.
Report this User
Report this user for behavior that violates our
Community Guidelines
.
Details:
Send Report
Go to the Sporcle.com Mobile Site →
Comments